[Event "Nopean shakin JSM 2020"]
[Site "?"]
[Date "2020.08.23"]
[Round "7"]
[White "Kokkila, Tero"]
[Black "Sund, Jan"]
[Result "1-0"]
[WhiteElo "2327"]
[BlackElo "2110"]
[PlyCount "142"]
[EventDate "2020.??.??"]
[SourceDate "2021.11.06"]
[SourceVersionDate "2021.11.06"]

1. e4 c5 2. Nc3 Nc6 3. Nf3 g6 4. g3 Bg7 5. Bg2 e6 6. O-O Nge7 7. d3 O-O 8. Be3
b6 9. d4 cxd4 10. Nxd4 Bb7 11. Ndb5 d5 12. exd5 exd5 13. Nxd5 Nf5 14. c3 Nxe3
15. Nxe3 a6 16. Nd6 Qc7 17. Nxb7 Qxb7 18. Qd6 Rac8 19. Rad1 Qc7 20. Qxc7 Rxc7
21. Rd6 Rfc8 22. Nd5 Bf8 23. Nxc7 Bxd6 24. Nxa6 Ne5 25. Rd1 Bf8 26. Bd5 Ng4 27.
a3 Bh6 28. h3 Nf6 29. Bf3 Bf8 30. Kg2 Kg7 31. Nb4 Bc5 32. Nd5 Nxd5 33. Rxd5 Re8
34. b4 Be7 35. Rd7 Bf6 36. c4 Re7 37. Rxe7 Bxe7 38. Bd5 f6 39. Kf3 Bd6 40. Ke4
Kf8 41. f4 Ke7 42. Bg8 h6 43. Kd5 Kd7 44. Be6+ Kc7 45. Bf7 g5 46. fxg5 fxg5 47.
g4 Kd7 48. Be6+ Kc7 49. Bf5 Bf4 50. c5 b5 51. Bd3 Bc1 52. Bxb5 Bxa3 53. Kc4 Bc1
54. Ba4 Bf4 55. Kd5 Bd2 56. b5 Bf4 57. b6+ Kb7 58. Bc6+ Kc8 59. Kc4 Be3 60. Kb5
Bd4 61. Be4 Be3 62. Bf5+ Kb8 63. c6 Bf4 64. c7+ Bxc7 65. bxc7+ Kxc7 66. Kc5 Kd8
67. Kd6 Ke8 68. Ke6 Kf8 69. Kf6 h5 70. Kxg5 hxg4 71. hxg4 Ke8 1-0

[Event "Nopean shakin JSM 2020"]
[Site "?"]
[Date "2020.08.23"]
[Round "7"]
[White "Agopov, Mikael"]
[Black "Keinanen, Toivo"]
[Result "1/2-1/2"]
[WhiteElo "2446"]
[BlackElo "2512"]
[PlyCount "135"]
[EventDate "2020.??.??"]
[SourceDate "2021.11.06"]
[SourceVersionDate "2021.11.06"]

1. e4 e6 2. d4 d5 3. Nc3 Nf6 4. e5 Nfd7 5. f4 c5 6. Nf3 Nc6 7. Be3 cxd4 8. Nxd4
Qb6 9. Qd2 Qxb2 10. Rb1 Qa3 11. Bb5 Nxd4 12. Bxd4 a6 13. Bxd7+ Bxd7 14. Rxb7
Bb4 15. O-O Rc8 16. Nb1 Bxd2 17. Nxa3 a5 18. Nb1 Bb4 19. c3 Bc5 20. Nd2 Bc6 21.
Rb2 Be7 22. Nb3 a4 23. Na5 Bd7 24. Rfb1 O-O 25. Rb7 Bd8 26. Ra7 Bxa5 27. Rxa5
Rb8 28. Rb4 Rfc8 29. Ra7 Be8 30. Kf2 h6 31. Ke3 g5 32. fxg5 hxg5 33. Bc5 Rb5
34. Rxb5 Bxb5 35. Kd4 Kg7 36. Rb7 Bc6 37. Rb2 Bd7 38. g3 Kg6 39. Rf2 Rc6 40. h4
gxh4 41. gxh4 Be8 42. c4 dxc4 43. Kxc4 Kh5 44. Rf4 Rc8 45. Kb4 Rb8+ 46. Ka3 Rc8
47. Be7 Rc2 48. Bf6 Re2 49. Rb4 Bc6 50. Rd4 Re3+ 51. Kb4 Re2 52. Ka3 Rg2 53.
Rc4 Bd5 54. Rxa4 Rxa2+ 55. Kb4 Rxa4+ 56. Kxa4 Bc4 57. Kb4 Bd5 58. Kc5 Ba2 59.
Kd4 Bb3 60. Ke3 Ba2 61. Kf4 Bb3 62. Kg3 Ba2 63. Kf4 Bb3 64. Kg3 Ba2 65. Kf4 Bb3
66. Kg3 Ba2 67. Kf4 Bb3 68. Kg3 1/2-1/2

[Event "Nopean shakin JSM 2020"]
[Site "?"]
[Date "2020.08.23"]
[Round "7"]
[White "Hentunen, Asko"]
[Black "Sammalvuo, Tapani"]
[Result "0-1"]
[WhiteElo "2275"]
[BlackElo "2413"]
[PlyCount "70"]
[EventDate "2020.??.??"]
[SourceDate "2021.11.06"]
[SourceVersionDate "2021.11.06"]

1. c4 e6 2. g3 d5 3. Bg2 Nf6 4. Nf3 Be7 5. O-O O-O 6. Qc2 c5 7. d3 Nc6 8. e4
dxe4 9. dxe4 Bd6 10. Nc3 a6 11. Rd1 Qc7 12. Bg5 Ng4 13. Ne2 f6 14. Bf4 Bxf4 15.
Nxf4 Nge5 16. Nxe5 Qxe5 17. Qb3 Qc7 18. Bh3 Nd4 19. Rxd4 cxd4 20. Bxe6+ Kh8 21.
Rd1 Qe5 22. Bd5 f5 23. Nd3 Qe7 24. e5 f4 25. gxf4 Qh4 26. e6 Qg4+ 27. Kh1 Bxe6
28. Bxb7 Rab8 29. Rg1 Qf5 30. Rg5 Qf7 31. Nc5 Bc8 32. Rd5 Bxb7 33. Nxb7 Qxb7
34. Qd3 Qxb2 35. Rh5 Qb1+ 0-1

[Event "Nopean shakin JSM 2020"]
[Site "?"]
[Date "2020.08.23"]
[Round "7"]
[White "Nyysti, Sampsa"]
[Black "Lahdelma, Henri"]
[Result "1/2-1/2"]
[WhiteElo "2362"]
[BlackElo "2274"]
[PlyCount "122"]
[EventDate "2020.??.??"]
[SourceDate "2021.11.06"]
[SourceVersionDate "2021.11.06"]

1. e4 e6 2. d4 d5 3. Nc3 Nf6 4. e5 Nfd7 5. f4 c5 6. Nf3 Nc6 7. Ne2 b5 8. c3 b4
9. Ng3 bxc3 10. bxc3 cxd4 11. cxd4 Bb4+ 12. Kf2 Qa5 13. Be3 Nb6 14. Rc1 Bd7 15.
Bd3 Na4 16. Rc2 Ne7 17. Bd2 Bxd2 18. Qxd2 Qxd2+ 19. Rxd2 g6 20. Rc1 Nc6 21. Ne2
Ke7 22. Bb5 Na5 23. Bxa4 Bxa4 24. Rc7+ Bd7 25. Ng5 Nc4 26. Rd3 Kd8 27. Rc5 Be8
28. Rb3 h6 29. Nf3 Nb6 30. Ra5 Bc6 31. Nd2 Kd7 32. Rc3 Rhc8 33. g3 Rc7 34. Rc2
Rb8 35. Nc1 Nc4 36. Nxc4 dxc4 37. Rxc4 Rb2+ 38. Ke3 Rxh2 39. Nd3 Bd5 40. Rxc7+
Kxc7 41. Rxa7+ Kb6 42. Rxf7 Rg2 43. Nc5 Rxg3+ 44. Ke2 Rg2+ 45. Ke3 h5 46. Rf6
h4 47. Nxe6 Kb7 48. Ng5 h3 49. Nxh3 Rg3+ 50. Kf2 Rxh3 51. Rxg6 Rf3+ 52. Ke2
Rxf4 53. Ke3 Re4+ 54. Kd3 Re1 55. Rd6 Bxa2 56. Kd2 Rh1 57. Ke3 Rh4 58. Kf3 Kc7
59. Ke3 Bb3 60. Kf3 Ba2 61. Ke3 Bb3 1/2-1/2

[Event "Nopean shakin JSM 2020"]
[Site "?"]
[Date "2020.08.23"]
[Round "7"]
[White "Wartiovaara, Oliver"]
[Black "Paakkonen, Timo"]
[Result "0-1"]
[WhiteElo "2239"]
[BlackElo "2242"]
[PlyCount "109"]
[EventDate "2020.??.??"]
[SourceDate "2021.11.06"]
[SourceVersionDate "2021.11.06"]

1. d4 Nc6 2. Nf3 d6 3. e4 e5 4. dxe5 Nxe5 5. Nxe5 dxe5 6. Qxd8+ Kxd8 7. Bc4 Be6
8. Bxe6 fxe6 9. Be3 Nf6 10. f3 Bd6 11. Nd2 Ke7 12. a4 Rhg8 13. Ke2 a6 14. a5 g5
15. g4 h5 16. h3 Rg7 17. Rhg1 Rag8 18. Nb3 hxg4 19. hxg4 Rh8 20. Rh1 Rxh1 21.
Rxh1 Rh7 22. Rxh7+ Nxh7 23. Kd3 Kf6 24. Nc5 Bxc5 25. Bxc5 Kf7 26. Kc4 Nf6 27.
b4 c6 28. Be3 Nd7 29. Bxg5 Kg6 30. Be3 Kf6 31. Kb3 Kg6 32. c4 Kf6 33. b5 Kg6
34. bxc6 bxc6 35. Kc3 Kf6 36. Kd3 Kg6 37. Ke2 Kf6 38. Kf2 Kg6 39. Kg3 Nf6 40.
Kh4 Ne8 41. Bc5 Nf6 42. Bd6 Nd7 43. g5 Kf7 44. Kh5 Kg7 45. g6 Nf6+ 46. Kg5 Nd7
47. Bc7 Kg8 48. Kh6 Kh8 49. Bd6 Kg8 50. g7 Nf6 51. Bxe5 Nd7 52. Bd6 Nf6 53. Kg6
Nd7 54. f4 c5 55. Kh6 0-1

[Event "Nuorten koulu PM B 2021"]
[Site "?"]
[Date "2021.09.10"]
[Round "2"]
[White "Liu, Casper"]
[Black "Vainikka, Toni"]
[Result "0-1"]
[WhiteElo "2177"]
[BlackElo "1937"]
[PlyCount "60"]
[EventDate "2021.09.10"]
[EventRounds "6"]
[EventCountry "FAI"]
[SourceDate "2021.11.06"]
[SourceVersionDate "2021.11.06"]

1. e4 e5 2. Nf3 Nc6 3. Bb5 a6 4. Ba4 Nf6 5. O-O b5 6. Bb3 Be7 7. d3 d6 8. c3
O-O 9. a4 Bb7 10. Bg5 h6 11. Bxf6 Bxf6 12. Na3 b4 13. Nc4 a5 14. Ne3 Ne7 15.
Re1 c5 16. Qc2 Re8 17. Bd5 Nxd5 18. Nxd5 Bxd5 19. exd5 Qb6 20. Nd2 Qb7 21. Qb3
Rab8 22. Qc4 Be7 23. Re2 f5 24. f4 exf4 25. Rae1 Qd7 26. Nb3 Bh4 27. g3 Rxe2
28. Rxe2 Bf6 29. Qxf4 bxc3 30. Nxc5 Qa7 0-1

[Event "Nuorten koulu PM B 2021"]
[Site "?"]
[Date "2021.09.11"]
[Round "3"]
[White "Vainikka, Toni"]
[Black "Meskenas, Paulius"]
[Result "0-1"]
[WhiteElo "1937"]
[BlackElo "2048"]
[PlyCount "96"]
[EventDate "2021.09.10"]
[EventRounds "6"]
[EventCountry "FAI"]
[SourceDate "2021.11.06"]
[SourceVersionDate "2021.11.06"]

1. d4 Nf6 2. c4 g6 3. Nc3 d5 4. g3 Bg7 5. Bg2 dxc4 6. Qa4+ c6 7. Qxc4 O-O 8.
Nf3 b5 9. Qd3 Bb7 10. O-O a5 11. Ne5 b4 12. Na4 Ba6 13. Qd2 Bb5 14. Nc5 Nd5 15.
f4 Na6 16. Ned7 Nxc5 17. Nxc5 Nc3 18. e3 Bxf1 19. Kxf1 Nd5 20. Qc2 Qb6 21. Kf2
Rfe8 22. b3 Rad8 23. Bb2 e6 24. Rc1 Rc8 25. Na4 Qa7 26. Qc5 Qc7 27. e4 Nf6 28.
e5 Nd5 29. Bxd5 exd5 30. Nb6 Bf8 31. Nxd5 Bxc5 32. Nxc7 Bxd4+ 33. Bxd4 Rxc7 34.
Bb6 Rd7 35. Rc2 Rb8 36. Be3 Rc8 37. Bc5 Rd5 38. Ke3 Kg7 39. Ke4 f5+ 40. Ke3 Kf7
41. Bb6 Ke6 42. Rc1 h6 43. Rc4 h5 44. Rc2 Kd7 45. h4 Ke6 46. Rc1 c5 47. Rc2 Kd7
48. Rc4 Rc6 0-1

[Event "Nuorten koulu PM B 2021"]
[Site "?"]
[Date "2021.09.11"]
[Round "4"]
[White "Vainikka, Toni"]
[Black "Torngren, Gustav"]
[Result "0-1"]
[WhiteElo "1937"]
[BlackElo "2165"]
[PlyCount "48"]
[EventDate "2021.09.10"]
[EventRounds "6"]
[EventCountry "FAI"]
[SourceDate "2021.11.06"]
[SourceVersionDate "2021.11.06"]

1. d4 d5 2. Nf3 c6 3. e3 Bf5 4. Bd3 e6 5. Bxf5 exf5 6. c4 dxc4 7. Qc2 g6 8.
Qxc4 Bg7 9. Nc3 Nf6 10. b3 O-O 11. O-O Nbd7 12. Ba3 Nb6 13. Qd3 Re8 14. Rfd1
Ne4 15. Nd2 Nxc3 16. Qxc3 Nd5 17. Qd3 Qg5 18. Nf3 Qh5 19. Re1 Rad8 20. Rad1 Re4
21. Bb2 Rde8 22. Nd2 R4e6 23. Nf1 Qg4 24. a3 Nf4 0-1

[Event "36th ECC Open 2021"]
[Site "?"]
[Date "2021.09.18"]
[Round "1"]
[White "Korobov, Anton"]
[Black "Sammalvuo, Tapani"]
[Result "1-0"]
[WhiteElo "2685"]
[BlackElo "2416"]
[PlyCount "85"]
[EventDate "2021.09.18"]
[EventType "team"]
[SourceDate "2021.11.06"]
[SourceVersionDate "2021.11.06"]

1. d4 Nf6 2. c4 e6 3. Nf3 b6 4. a3 Ba6 5. Qb3 d5 6. cxd5 Qxd5 7. Qc2 c5 8. Nc3
Qb7 9. dxc5 bxc5 10. g3 Nbd7 11. Bg2 Rc8 12. O-O Bd6 13. Rd1 Qb6 14. Ng5 Rd8
15. Nge4 Nxe4 16. Nxe4 Be5 17. Bf4 Bxf4 18. gxf4 O-O 19. Rd6 Qa5 20. Rad1 Nb8
21. b4 Qc7 22. bxc5 Rxd6 23. Nxd6 Rd8 24. f5 exf5 25. Qxf5 Bc8 26. Qb1 Be6 27.
Rc1 Qe7 28. Nb7 Rd4 29. c6 Na6 30. Rd1 Rxd1+ 31. Qxd1 Nc7 32. Qd4 Bc8 33. Nd6
Qd8 34. e3 Ne6 35. Qb4 Ba6 36. h3 Qc7 37. Bd5 Qd8 38. Bxe6 fxe6 39. Qc5 Qc7 40.
a4 Be2 41. Qe5 h6 42. Qxe6+ Kh7 43. Qd7 1-0

[Event "36th ECC Open 2021"]
[Site "?"]
[Date "2021.09.19"]
[Round "2"]
[White "Sammalvuo, Tapani"]
[Black "Elsness, Frode"]
[Result "1/2-1/2"]
[WhiteElo "2416"]
[BlackElo "2467"]
[PlyCount "100"]
[EventDate "2021.09.18"]
[EventType "team"]
[SourceDate "2021.11.06"]
[SourceVersionDate "2021.11.06"]

1. d4 d5 2. c4 e6 3. Nf3 a6 4. cxd5 exd5 5. Nc3 c6 6. Bf4 Bd6 7. Bxd6 Qxd6 8.
e4 dxe4 9. Nxe4 Qe7 10. Qe2 Nd7 11. O-O-O Ngf6 12. Nd6+ Kf8 13. Qxe7+ Kxe7 14.
Nf5+ Kf8 15. Nd6 Ke7 16. Nf5+ Kf8 17. Re1 Ne8 18. Ne3 Nb6 19. Nc4 Nxc4 20. Bxc4
Nd6 21. Bb3 Bf5 22. Re5 f6 23. Re3 Re8 24. Rhe1 Rxe3 25. Rxe3 g5 26. Be6 Kg7
27. g4 Bxe6 28. Rxe6 Nc8 29. h4 Kf7 30. Re3 h6 31. Kc2 Rd8 32. hxg5 hxg5 33.
Rb3 Nd6 34. Re3 Nb5 35. Re4 Nc7 36. Ne1 Nb5 37. Nf3 Rh8 38. Kd3 Rh1 39. Re1 Rh3
40. Re3 Rh1 41. Re1 Rxe1 42. Nxe1 Ke6 43. Nc2 Nd6 44. Ne3 f5 45. f3 fxg4 46.
fxg4 Ne8 47. Kc4 Nf6 48. Kc5 Nd7+ 49. Kc4 Nf6 50. Kc5 Nd7+ 1/2-1/2

[Event "36th ECC Open 2021"]
[Site "?"]
[Date "2021.09.20"]
[Round "3"]
[White "Noe, Christopher"]
[Black "Sammalvuo, Tapani"]
[Result "1-0"]
[WhiteElo "2518"]
[BlackElo "2416"]
[PlyCount "201"]
[EventDate "2021.09.18"]
[EventType "team"]
[SourceDate "2021.11.06"]
[SourceVersionDate "2021.11.06"]

1. d4 Nf6 2. c4 e6 3. Nc3 Bb4 4. Qc2 c5 5. dxc5 O-O 6. a3 Bxc5 7. Nf3 b6 8. Bf4
Bb7 9. Rd1 Nc6 10. e3 Nh5 11. Bg3 Be7 12. Qd3 Nxg3 13. hxg3 h6 14. Qxd7 Qb8 15.
Nd4 Rd8 16. Nxc6 Rxd7 17. Nxb8 Rxd1+ 18. Kxd1 Rxb8 19. Kc2 Rc8 20. f3 Ba6 21.
Kb3 Rd8 22. Be2 Rd2 23. Rd1 Rxd1 24. Nxd1 Bb7 25. g4 f5 26. gxf5 exf5 27. Kc2
Kf7 28. Nc3 Bc6 29. Bd3 Kf6 30. Ne2 Ba4+ 31. Kd2 Bd6 32. Nd4 Bd7 33. f4 g6 34.
b4 a5 35. Kc3 axb4+ 36. axb4 Be8 37. g3 Bd7 38. Be2 g5 39. Bf3 gxf4 40. exf4
Ke7 41. Nb3 Be8 42. c5 bxc5 43. bxc5 Bc7 44. Kb4 h5 45. Nd4 Kf6 46. Nb5 Bd8 47.
Nd6 Bg6 48. c6 Bb6 49. Kb5 Bc7 50. Kc5 Ba5 51. Nb5 Be8 52. c7 Bd7 53. Kd6 Bc8
54. Na7 Be6 55. c8=Q Bxc8 56. Nxc8 h4 57. Kc5 hxg3 58. Nb6 Bd2 59. Nd5+ Ke6 60.
Kd4 Bc1 61. Bg2 Bd2 62. Ne3 Bc1 63. Kd3 Kf6 64. Ke2 Ba3 65. Kf3 Bd6 66. Kxg3
Ke6 67. Bh3 Bxf4+ 68. Kxf4 Kd6 69. Bg2 Kc5 70. Nxf5 Kc4 71. Ke4 Kc3 72. Nd4 Kc4
73. Bf1+ Kc3 74. Nf3 Kb4 75. Kd4 Kb3 76. Ne5 Kc2 77. Bd3+ Kb2 78. Kc4 Ka2 79.
Kc3 Ka1 80. Nf3 Ka2 81. Nd4 Ka1 82. Nb3+ Ka2 83. Be4 Ka3 84. Bb1 Ka4 85. Nd4
Ka5 86. Kc4 Kb6 87. Nb5 Kc6 88. Bf5 Kb6 89. Be4 Ka5 90. Kc5 Ka4 91. Bc2+ Ka5
92. Nd6 Ka6 93. Bd1 Ka5 94. Nb7+ Ka6 95. Kc6 Ka7 96. Kc7 Ka6 97. Be2+ Ka7 98.
Nd6 Ka8 99. Bd3 Ka7 100. Nc8+ Ka8 101. Be4# 1-0

[Event "36th ECC Open 2021"]
[Site "?"]
[Date "2021.09.21"]
[Round "4"]
[White "Sammalvuo, Tapani"]
[Black "Stefanovski, Dusan"]
[Result "1/2-1/2"]
[WhiteElo "2416"]
[BlackElo "2222"]
[PlyCount "103"]
[EventDate "2021.09.18"]
[EventType "team"]
[SourceDate "2021.11.06"]
[SourceVersionDate "2021.11.06"]

1. d4 Nf6 2. c4 e5 3. dxe5 Ng4 4. Bf4 g5 5. Bd2 Nxe5 6. Bc3 Bg7 7. e3 Qe7 8.
Ne2 O-O 9. h4 g4 10. Nf4 d6 11. Be2 Bf5 12. Nd2 Na6 13. Nf1 Nc5 14. Ng3 Be6 15.
Qc2 f5 16. Bd4 Qf7 17. f3 Ng6 18. Ngh5 Nxf4 19. Nxf4 Rae8 20. b3 Bd7 21. O-O-O
Ne6 22. Nxe6 Qxe6 23. Rd2 Bh6 24. c5 Bxe3 25. Bc4 d5 26. Bxd5 Qxd5 27. Bxe3 Qe6
28. Bd4 Bc6 29. h5 gxf3 30. gxf3 Bxf3 31. Rg1+ Bg4 32. Ba1 Qe3 33. Qc4+ Rf7 34.
Bd4 Qe6 35. Qb4 Rd7 36. Kb2 Red8 37. Rgg2 Qe4 38. Bc3 Qxb4 39. Bxb4 Rxd2+ 40.
Bxd2 Kf7 41. h6 Rd5 42. b4 a5 43. a3 axb4 44. axb4 b6 45. cxb6 cxb6 46. Kc3 b5
47. Bf4 Rd7 48. Rd2 Rxd2 49. Kxd2 Ke6 50. Ke3 Kd5 51. Bg5 Ke5 52. Bf4+ 1/2-1/2

[Event "36th ECC Open 2021"]
[Site "?"]
[Date "2021.09.22"]
[Round "5"]
[White "Jepson, Christian"]
[Black "Sammalvuo, Tapani"]
[Result "0-1"]
[WhiteElo "2407"]
[BlackElo "2416"]
[PlyCount "70"]
[EventDate "2021.09.18"]
[EventType "team"]
[SourceDate "2021.11.06"]
[SourceVersionDate "2021.11.06"]

1. c4 Nf6 2. g3 e6 3. Bg2 d5 4. Nf3 d4 5. O-O c5 6. e3 Nc6 7. exd4 cxd4 8. d3
h6 9. Bf4 Bd6 10. Bxd6 Qxd6 11. a3 a5 12. Nbd2 O-O 13. Qc2 a4 14. Rfe1 e5 15.
c5 Qc7 16. Nc4 Nd7 17. Rac1 e4 18. dxe4 Nxc5 19. Nce5 Nb3 20. Rcd1 Rd8 21. Nd3
Qa5 22. e5 Bf5 23. Qe2 Re8 24. Nh4 Bxd3 25. Qxd3 Nxe5 26. Qb1 Rac8 27. Bxb7 Rc7
28. Bg2 Nd2 29. Qf5 Ndf3+ 30. Bxf3 Nxf3+ 31. Qxf3 Rxe1+ 32. Rxe1 Qxe1+ 33. Kg2
Rc1 34. Qd3 Qh1+ 35. Kh3 Qf1+ 0-1

[Event "36th ECC Open 2021"]
[Site "?"]
[Date "2021.09.23"]
[Round "6"]
[White "Sammalvuo, Tapani"]
[Black "Uruci, Endrit"]
[Result "0-1"]
[WhiteElo "2416"]
[BlackElo "2279"]
[PlyCount "103"]
[EventDate "2021.09.18"]
[EventType "team"]
[SourceDate "2021.11.06"]
[SourceVersionDate "2021.11.06"]

1. d4 d5 2. c4 c6 3. Nf3 Nf6 4. Nc3 dxc4 5. a4 Bf5 6. e3 e6 7. Bxc4 Be7 8. O-O
O-O 9. Qe2 a5 10. e4 Bg4 11. Rd1 Na6 12. h3 Bxf3 13. Qxf3 Nb4 14. Qe2 Qd7 15.
Be3 Rfd8 16. f4 c5 17. e5 Nfd5 18. dxc5 Qc6 19. Nxd5 Nxd5 20. Bxd5 Rxd5 21.
Rxd5 Qxd5 22. Qf2 Rc8 23. Rc1 Qb3 24. Qf3 Qxb2 25. Qe4 Qe2 26. Qf3 Qd3 27. Bf2
Qd2 28. Rc4 Qd7 29. Qc3 Qc7 30. Kh2 g6 31. Be3 b6 32. c6 Bc5 33. Bxc5 Qxc6 34.
Qd2 Qd5 35. Rd4 Qxc5 36. Rd8+ Kg7 37. Qd7 Rxd8 38. Qxd8 Qd5 39. Qxb6 Qd2 40.
Kg3 h5 41. Qb3 h4+ 42. Kf3 Qe1 43. Kg4 Qe4 44. Qf3 Qxa4 45. Qa8 Qd4 46. Qf3 Kh6
47. Qa8 Kg7 48. Qf3 a4 49. g3 Qd5 50. Qe2 a3 51. Kxh4 a2 52. Qb2 0-1

[Event "36th ECC Open 2021"]
[Site "?"]
[Date "2021.09.24"]
[Round "7"]
[White "Cumming, Rhys"]
[Black "Sammalvuo, Tapani"]
[Result "0-1"]
[WhiteElo "2361"]
[BlackElo "2416"]
[PlyCount "70"]
[EventDate "2021.09.18"]
[EventType "team"]
[SourceDate "2021.11.06"]
[SourceVersionDate "2021.11.06"]

1. e4 e5 2. Nf3 Nc6 3. Bb5 a6 4. Ba4 Nf6 5. O-O Be7 6. Re1 b5 7. Bb3 d6 8. c3
O-O 9. h3 Nb8 10. d4 Nbd7 11. c4 c6 12. Qc2 Bb7 13. a3 bxc4 14. Bxc4 d5 15.
dxe5 Nxe4 16. Ba2 Ndc5 17. b4 Ne6 18. Nbd2 c5 19. Nxe4 dxe4 20. Nd2 cxb4 21.
Nxe4 Rc8 22. Qe2 Qd4 23. Bb1 Qxe5 24. Bb2 Qf4 25. Qh5 g6 26. Qa5 bxa3 27. Be5
Bd8 28. Nf6+ Qxf6 29. Qb4 Qe7 30. Bd6 a5 31. Qd2 Qd7 32. Rxa3 Bg5 33. Qd1 Rc1
34. Rd3 Rxd1 35. Rexd1 Qc6 0-1

[Event "ch-RUS Rapid w 2021"]
[Site "?"]
[Date "2021.10.13"]
[Round "11"]
[White "Nazarova, Anastasia"]
[Black "Murashova, Ekaterina"]
[Result "1/2-1/2"]
[WhiteElo "2216"]
[BlackElo "2213"]
[PlyCount "114"]
[EventDate "2021.10.12"]
[EventType "schev (rapid)"]
[SourceDate "2021.11.06"]
[SourceVersionDate "2021.11.06"]

1. e4 c5 2. Nf3 g6 3. d4 cxd4 4. Nxd4 Bg7 5. c4 Nc6 6. Be3 d6 7. Nc3 Nf6 8. Be2
O-O 9. O-O Bd7 10. Qd2 Nxd4 11. Bxd4 Bc6 12. f3 a5 13. b3 Nd7 14. Be3 Nc5 15.
Rac1 e6 16. Rfd1 Be5 17. Bf1 Qe7 18. Qe1 Rad8 19. Ne2 b6 20. Nd4 Ba8 21. Nb5
Bc6 22. Nd4 Ba8 23. Nb5 Bg7 24. Bf2 Rd7 25. Bh4 g5 26. Bg3 Rfd8 27. Rc2 Be5 28.
Rcd2 Bc6 29. Nd4 Bb7 30. h4 h6 31. Nb5 Kf8 32. hxg5 hxg5 33. Nd4 Qf6 34. Nb5
Ke7 35. Bxe5 dxe5 36. Rxd7+ Rxd7 37. Rxd7+ Nxd7 38. Qd2 Ba6 39. Qd6+ Kd8 40.
Qc7+ Ke7 41. Na7 Ke8 42. Nc6 g4 43. Qa7 Kf8 44. Qxa6 Kg7 45. fxg4 Qf4 46. Qb7
Qe3+ 47. Kh1 Qh6+ 48. Kg1 Qe3+ 49. Kh2 Nf6 50. Be2 Nxe4 51. Bf3 Qf4+ 52. Kg1
Qe3+ 53. Kh2 Qh6+ 54. Kg1 Qc1+ 55. Kh2 Qf4+ 56. Kg1 Qe3+ 57. Kh2 Qe2 1/2-1/2

[Event "TCh-RUS Rapid w 2021"]
[Site "?"]
[Date "2021.10.15"]
[Round "1"]
[White "Nazarova, Anastasia"]
[Black "Badelka, Olga"]
[Result "1/2-1/2"]
[WhiteElo "2216"]
[BlackElo "2438"]
[PlyCount "171"]
[EventDate "2021.10.15"]
[EventType "schev (rapid)"]
[SourceDate "2021.11.06"]
[SourceVersionDate "2021.11.06"]

1. e4 c5 2. Nf3 d6 3. Bb5+ Bd7 4. Bxd7+ Nxd7 5. O-O Ngf6 6. Re1 e6 7. c3 Be7 8.
d4 O-O 9. Nbd2 cxd4 10. cxd4 Rc8 11. Nf1 Qc7 12. Qb3 Qb6 13. Ng3 Qxb3 14. axb3
a6 15. Bd2 d5 16. e5 Ne8 17. Rec1 Nc7 18. Rc2 Nb5 19. Rac1 Rxc2 20. Rxc2 Nb8
21. Ne2 Nc6 22. Kf1 Rc8 23. Ke1 Kf8 24. Kd1 Ke8 25. Be3 Kd7 26. Ne1 Bd8 27. Nd3
Bb6 28. Nc5+ Bxc5 29. Rxc5 Rf8 30. Rc1 Na5 31. Kc2 f6 32. exf6 gxf6 33. Nc3 Nd6
34. Re1 Rg8 35. g3 Nf5 36. Na4 Ke7 37. Nc5 Rc8 38. Kd3 b6 39. Nxa6 Nxb3 40. Nb4
Rc4 41. Nc2 Na5 42. Bd2 Kd7 43. Bxa5 bxa5 44. b3 Rc6 45. Ra1 Rb6 46. Kc3 Rb5
47. Na3 Rb7 48. Nc2 Nd6 49. f3 Ra7 50. Kb2 Nb5 51. Ra4 Kd6 52. b4 axb4 53. Rxa7
Nxa7 54. Nxb4 Nb5 55. Nc2 e5 56. Kc1 exd4 57. Kd2 Ke5 58. Kd3 f5 59. f4+ Ke6
60. Nxd4+ Nxd4 61. Kxd4 Kd6 62. h3 h5 63. h4 Kc6 64. Ke5 Kc5 65. Kxf5 d4 66.
Kg6 d3 67. f5 d2 68. f6 d1=Q 69. f7 Qd6+ 70. Kg7 Qxg3+ 71. Kh8 Qf4 72. Kg8 Qg4+
73. Kh8 Qf5 74. Kg7 Kd4 75. f8=Q Qxf8+ 76. Kxf8 Ke5 77. Ke7 Kf5 78. Kd6 Kg4 79.
Ke5 Kxh4 80. Kf4 Kh3 81. Kf3 Kh2 82. Kf2 h4 83. Kf1 h3 84. Kf2 Kh1 85. Kf1 h2
86. Kf2 1/2-1/2

[Event "TCh-RUS Rapid w 2021"]
[Site "?"]
[Date "2021.10.15"]
[Round "5"]
[White "Belenkaya, D."]
[Black "Nazarova, Anastasia"]
[Result "0-1"]
[WhiteElo "2277"]
[BlackElo "2216"]
[PlyCount "137"]
[EventDate "2021.10.15"]
[EventType "schev (rapid)"]
[SourceDate "2021.11.06"]
[SourceVersionDate "2021.11.06"]

1. e4 c5 2. Nc3 Nc6 3. g3 g6 4. Bg2 Bg7 5. d3 Rb8 6. Nge2 b5 7. O-O b4 8. Nd5
e6 9. Ne3 Nge7 10. f4 d6 11. f5 f6 12. Nf4 Nd4 13. c3 e5 14. Nh5 gxh5 15. Qxh5+
Kd7 16. cxd4 cxd4 17. Nc4 Qe8 18. Qd1 Nc6 19. g4 Ba6 20. g5 Bxc4 21. dxc4 fxg5
22. f6 Bf8 23. Qg4+ Qe6 24. Qxg5 Rg8 25. Qh5 Kc7 26. Kh1 Qg4 27. Qxh7+ Kb6 28.
Qh3 Qxh3 29. Bxh3 Kc5 30. Bd2 Rb7 31. a3 bxa3 32. bxa3 Rh8 33. Be6 Rb2 34. Rf2
Rb3 35. Kg2 d3 36. Be3+ Nd4 37. f7 Rh4 38. Bd5 Rg4+ 39. Kh3 Rg7 40. Rd2 Rh7+
41. Kg2 Rc3 42. Rb1 a6 43. Rb8 Rh8 44. Rc8+ Kb6 45. Rb2+ Ka5 46. Bd2 Ne2 47.
Bxc3+ Nxc3 48. Rd2 Ne2 49. h4 Nf4+ 50. Kf3 Ka4 51. h5 Kb3 52. Ke3 Kc3 53. c5
dxc5 54. Rh2 Nxd5+ 55. exd5 Bh6+ 56. Ke4 Rxc8 57. Rh3 c4 58. d6 Rd8 59. Kxe5
Kc2 60. Ke6 Bf8 61. d7 d2 62. Rh2 c3 63. h6 Bxh6 64. Ke7 Bg5+ 65. Kd6 Kc1 66.
Rh1+ d1=Q+ 67. Rxd1+ Kxd1 68. Kc7 c2 69. Kd6 0-1

[Event "TCh-RUS Rapid w 2021"]
[Site "?"]
[Date "2021.10.16"]
[Round "6"]
[White "Nazarova, Anastasia"]
[Black "Kovalevskaya, Jekaterina"]
[Result "0-1"]
[WhiteElo "2216"]
[BlackElo "2364"]
[PlyCount "108"]
[EventDate "2021.10.15"]
[EventType "schev (rapid)"]
[SourceDate "2021.11.06"]
[SourceVersionDate "2021.11.06"]

1. d4 d5 2. c4 e6 3. Nc3 c5 4. cxd5 exd5 5. Nf3 Nc6 6. g3 Nf6 7. Bg2 Be7 8. O-O
O-O 9. dxc5 d4 10. Na4 Bf5 11. a3 Be4 12. b4 Qd5 13. Ne1 Bxg2 14. Nxg2 Rad8 15.
Nf4 Qf5 16. Nb2 g5 17. Nfd3 Ne4 18. f3 Nc3 19. Qc2 Bf6 20. Nd1 Nd5 21. Ra2 Rfe8
22. b5 Nce7 23. g4 Qe6 24. Rf2 Ng6 25. Nb4 Ndf4 26. Bxf4 Nxf4 27. Kh1 d3 28.
Nxd3 Rxd3 29. h4 Rxd1+ 30. Qxd1 Qxa2 31. hxg5 Qa1 32. Qxa1 Bxa1 33. e4 Bd4 34.
Rc2 Rc8 35. c6 bxc6 36. bxc6 Ne6 37. Kg2 Kf8 38. Kg3 Be5+ 39. Kf2 Ke7 40. Rc4
Kd6 41. Rb4 Rxc6 42. Rb7 Rc7 43. Rb8 Rc2+ 44. Ke1 Nxg5 45. Kd1 Rc3 46. Rd8+ Ke6
47. a4 Nxf3 48. Ra8 Rc7 49. Re8+ Kf6 50. Ke2 Ng5 51. Rd8 Nxe4 52. Ke3 Ng5 53.
Rd5 Ne6 54. a5 Rc5 0-1

[Event "TCh-RUS Blitz w 2021"]
[Site "?"]
[Date "2021.10.14"]
[Round "3"]
[White "Nazarova, Anastasia"]
[Black "Kovalevskaya, Jekaterina"]
[Result "0-1"]
[WhiteElo "2216"]
[BlackElo "2364"]
[PlyCount "88"]
[EventDate "2021.10.14"]
[EventType "schev (blitz)"]
[SourceDate "2021.11.06"]
[SourceVersionDate "2021.11.06"]

1. e4 c5 2. Nf3 Nc6 3. d4 cxd4 4. Nxd4 e5 5. Nb5 d6 6. N1c3 a6 7. Na3 b5 8. Nd5
Nge7 9. c4 Nd4 10. Bd3 Nxd5 11. cxd5 Be7 12. O-O O-O 13. Be3 Bf6 14. Rc1 Bd7
15. Bxd4 exd4 16. Nc2 Rc8 17. Ne1 Qa5 18. Bb1 Rxc1 19. Qxc1 Rc8 20. Qd1 Qa4 21.
Qxa4 bxa4 22. Nd3 Bb5 23. Rd1 a5 24. g3 g6 25. f4 Rb8 26. Rd2 Bc4 27. Nf2 a3
28. b3 a4 29. bxc4 Rxb1+ 30. Nd1 Rc1 31. Kf2 Rxc4 32. Ke2 Rb4 33. Kd3 h5 34.
Rc2 Rb1 35. Kd2 Kg7 36. Rc6 Ra1 37. Rxd6 Rxa2+ 38. Kd3 Rxh2 39. e5 a2 40. exf6+
Kh7 41. Rd7 a1=Q 42. Rxf7+ Kg8 43. Rg7+ Kf8 44. f5 Qxd1+ 0-1